| 000 | 01187cam a2200349 a 4500 | ||
|---|---|---|---|
| 999 |
_c233323 _d233323 |
||
| 001 | 4280031 | ||
| 003 | Nust | ||
| 005 | 20170306193550.0 | ||
| 008 | 850222s1985 nyua 000 1 eng | ||
| 010 | _a 85060633 | ||
| 020 | _a9781853260261 | ||
| 040 |
_aDLC _cDLC _dDLC |
||
| 050 | 0 | 0 |
_aPS3523.O46 _bC3 1985 |
| 082 | 0 | 0 |
_a813.52 _bLON |
| 100 | 1 |
_aLondon, Jack, _d1876-1916. |
|
| 245 | 1 | 4 |
_aThe call of the wild & White Fang / _cJack London ; |
| 260 |
_aPleasantville, N.Y. : _bReader's Digest Association, _c1992. |
||
| 300 |
_a230 p. : _c24 cm. |
||
| 650 | 0 |
_aWolfdogs _xFiction. |
|
| 650 | 0 |
_aAnimal welfare _vFiction. |
|
| 650 | 0 |
_aFeral dogs _vFiction. |
|
| 650 | 0 |
_aPet theft _vFiction. |
|
| 650 | 0 |
_aSled dogs _vFiction. |
|
| 650 | 0 |
_aDogs _vFiction. |
|
| 651 | 0 |
_aKlondike River Valley (Yukon) _vFiction. |
|
| 655 | 7 |
_aNature stories. _2lcsh |
|
| 655 | 7 |
_aAdventure fiction. _2gsafd |
|
| 700 | 1 |
_aLondon, Jack, _d1876-1916. _tWhite Fang. |
|
| 740 | 0 | _aWhite Fang. | |
| 906 |
_a7 _bcbc _corignew _d2 _eopcn _f19 _gy-gencatlg |
||
| 942 |
_2ddc _cBK |
||